Just what the doctor ordered /

Bibliographic Details
Main Author: Snyder, J. M. (Jeanette M.) (Author)
Format: Book
Language:English
Published: Glen Allen, VA : JMS Books, [2006]
Subjects:

MARC

Tag First Indicator Second Indicator Subfields
LEADER 00000nam a2200000Ii 4500
001 in00004436799
005 20210201131842.0
008 210201t20062006vau 000 f eng d
035 |a (OCoLC)on1235816002 
040 |a TXA  |b eng  |e rda  |c TXA 
020 |a 9781463781132 
020 |a 146378113X 
035 |a (OCoLC)1235816002 
090 |a PS3619.N935  |b J87 2006 
049 |a TXAM 
100 1 |a Snyder, J. M.  |q (Jeanette M.),  |e author. 
245 1 0 |a Just what the doctor ordered /  |c by J.M. Snyder. 
264 1 |a Glen Allen, VA :  |b JMS Books,  |c [2006] 
264 4 |c ©2006 
300 |a 100 pages ;  |c 21 cm 
336 |a text  |b txt  |2 rdacontent 
337 |a unmediated  |b n  |2 rdamedia 
338 |a volume  |b nc  |2 rdacarrier 
500 |a The Cushing Library/Women & Gender Studies copy was acquired as part of The Don Kelly Research Collection of Gay Literature and Culture.  |5 TXA 
650 0 |a Gay men  |v Fiction. 
655 7 |a Romance fiction.  |2 lcgft 
655 7 |a Gay fiction.  |2 lcgft 
994 |a C0  |b TXA 
948 |a cataloged  |b h  |c 2021/2/1  |d c  |e nbehmer  |f 1:18:29 pm 
999 f f |s 890df697-85aa-3b18-8bb0-51fd0aee0794  |i 650f1241-8d56-3a6a-bc44-f25224d4bb9d  |t 0 
952 f f |p noncirc  |a Texas A&M University  |b College Station  |c Cushing Memorial Library & Archives  |d Cushing: Women & Gender Studies (Does not check out)  |t 0  |e PS3619.N935 J87 2006  |h Library of Congress classification  |i unmediated -- volume 
998 f f |a PS3619.N935 J87 2006  |t 0  |l Cushing: Women & Gender Studies (Does not check out)